[Event "BCF-chT1a 0809 (4NCL)"]
[Site "England"]
[Date "2008.10.05"]
[Round "2.5"]
[White "Barrett, Stephen J"]
[Black "Williams, Samuel G"]
[Result "1-0"]
[WhiteElo "2226"]
[BlackElo "2218"]
[PlyCount "65"]
[EventDate "2008.10.04"]
[EventType "team-tourn"]
[EventRounds "7"]
[EventCountry "ENG"]
[SourceTitle "CBM 126 Extra"]
[Source "ChessBase"]
[SourceDate "2008.11.05"]
[SourceVersion "1"]
[SourceVersionDate "2008.11.05"]
[SourceQuality "1"]
[WhiteTeam "White Rose"]
[BlackTeam "Sambuca Sharks"]
[WhiteTeamCountry "ENG"]
[BlackTeamCountry "ENG"]

1. d4 Nf6 2. c4 g6 3. Nc3 d5 4. Nf3 Bg7 5. Bg5 Ne4 6. Bh4 Nxc3 7. bxc3 dxc4 8. Qa4+ Nd7 9. e3 0-0 10. Qxc4 b6 11. Be2 Bb7 12. 0-0 c5 13. Rfd1 Qe8 14. Qb3 cxd4 15. cxd4 Nf6 16. Rac1 Bc6 17. Qa3 a5 18. Ne5 Ba4 19. Re1 b5 20. Qc5 g5 21. Bg3 Ne4 22. Qc7 Nxg3 23. hxg3 Bxe5 24. Qxe5 f6 25. Qe6+ Qf7 26. Bg4 Ra7 27. Qb6 f5 28. Bh5 Qxh5 29. Qxa7 Qf7 30. Rc7 Re8 31. a3 Bb3 32. Qxa5 Qd5 33. Rc5 1-0

[Event "Coulsdon Jessie Gilbert"]
[Site "Coulsdon"]
[Date "2008.08.23"]
[Round "8"]
[White "Williams, Samuel G"]
[Black "Griffiths, Ryan Rhys"]
[Result "1/2-1/2"]
[WhiteElo "2246"]
[BlackElo "2069"]
[PlyCount "41"]
[EventDate "2008.08.16"]
[EventType "swiss"]
[EventRounds "10"]
[EventCountry "ENG"]
[SourceTitle "CBM 125 Extra"]
[Source "ChessBase"]
[SourceDate "2008.09.01"]
[SourceVersion "1"]
[SourceVersionDate "2008.09.01"]
[SourceQuality "1"]

1. d4 Nf6 2. c4 e6 3. Nf3 Nc6 4. Nc3 Bb4 5. Bg5 h6 6. Bh4 g5 7. Bg3 Ne4 8. Rc1 d5 9. e3 h5 10. h4 Nxg3 11. fxg3 g4 12. Ng1 Qd6 13. Kf2 Rh6 14. Nge2 Bxc3 15. Rxc3 dxc4 16. Qa4 Bd7 17. Qxc4 0-0-0 18. Qc5 e5 19. d5 Qxc5 20. Rxc5 Ne7 21. Nc3 1/2-1/2

[Event "BCF-chT 0708 (4NCL)"]
[Site "Sunningdale"]
[Date "2007.11.11"]
[Round "4.3"]
[White "Lewis, Andrew P"]
[Black "Williams, Samuel G"]
[Result "1-0"]
[WhiteElo "2296"]
[BlackElo "2254"]
[PlyCount "125"]
[EventDate "2007.09.15"]
[EventType "team-tourn"]
[EventRounds "11"]
[EventCountry "ENG"]
[SourceTitle "EXT 2008"]
[Source "ChessBase"]
[SourceDate "2007.11.25"]
[SourceVersion "1"]
[SourceVersionDate "2007.11.25"]
[SourceQuality "1"]
[WhiteTeam "Barbican II"]
[BlackTeam "Sambuca Sharks"]
[WhiteTeamCountry "ENG"]
[BlackTeamCountry "ENG"]

1. Nf3 Nf6 2. c4 g6 3. Nc3 d5 4. cxd5 Nxd5 5. e4 Nxc3 6. dxc3 Qxd1+ 7. Kxd1 Bg7 8. Bf4 c6 9. Kc2 Nd7 10. a4 0-0 11. a5 Nc5 12. Nd2 f5 13. Be3 Nxe4 14. Bc4+ Kh8 15. Nxe4 fxe4 16. h3 Be5 17. g4 h6 18. Rhd1 Bd6 19. Rd4 Rf3 20. Rxe4 Rxh3 21. Rd1 h5 22. Be6 Rh4 23. Bxc8 Rxc8 24. Bxa7 c5 25. Kb3 Rxg4 26. Rxg4 hxg4 27. Rg1 Kg7 28. Rxg4 Kf6 29. Kc4 Kf5 30. Rg1 g5 31. Kb5 Kf4 32. Kb6 Rc7 33. Rd1 Rd7 34. Kb5 Rc7 35. Rd5 g4 36. Bb6 Rc8 37. b4 cxb4 38. cxb4 Rc2 39. Rd4+ Kf3 40. Rc4 Rb2 41. Bd4 Rb1 42. Bb6 e5 43. Rc3+ Kf4 44. Rc4+ e4 45. Bc7 Rxb4+ 46. Rxb4 Bxc7 47. Rb3 Bd8 48. Ka4 Bh4 49. Rxb7 Bxf2 50. Rf7+ Kg3 51. a6 Bd4 52. Kb3 Kh2 53. Kc4 Bb6 54. Rb7 Bf2 55. Rb2 Kg1 56. Rxf2 Kxf2 57. a7 g3 58. a8Q g2 59. Qf8+ Ke2 60. Qg7 Kf1 61. Qf6+ Ke2 62. Qg5 Kf2 63. Qf4+ 1-0

[Event "BCF-chT2 0607 (4NCL)"]
[Site "Sunningdale"]
[Date "2007.05.05"]
[Round "9.22"]
[White "Williams, Samuel G"]
[Black "Taylor, Martin R"]
[Result "1/2-1/2"]
[WhiteElo "2254"]
[BlackElo "2328"]
[PlyCount "45"]
[EventDate "2006.09.16"]
[EventType "team"]
[EventRounds "11"]
[EventCountry "ENG"]
[SourceTitle "EXT 2008"]
[Source "ChessBase"]
[SourceDate "2007.11.25"]
[SourceVersion "1"]
[SourceVersionDate "2007.11.25"]
[SourceQuality "1"]
[WhiteTeam "Slough Sharks II"]
[BlackTeam "Barbican II"]
[WhiteTeamCountry "ENG"]
[BlackTeamCountry "ENG"]

1. d4 d5 2. c4 e6 3. Nc3 Nf6 4. cxd5 exd5 5. Bg5 Be7 6. e3 Nbd7 7. Qc2 c6 8. Bd3 Nh5 9. Bxe7 Qxe7 10. Nge2 g6 11. Rb1 0-0 12. b4 Nb6 13. 0-0 Ng7 14. b5 c5 15. dxc5 Qxc5 16. Rfc1 Be6 17. Nd4 Rac8 18. Qd1 Qd6 19. Rb2 Rc5 20. Rbc2 Rfc8 21. Nce2 Bd7 22. Rxc5 Rxc5 23. Nb3 1/2-1/2

[Event "BCF-chT3 0506 (4NCL)"]
[Site "Birmingham"]
[Date "2006.04.29"]
[Round "9.3"]
[White "Kett, Timothy"]
[Black "Williams, Samuel G"]
[Result "0-1"]
[WhiteElo "2195"]
[BlackElo "2227"]
[PlyCount "96"]
[EventDate "2005.10.22"]
[EventType "team"]
[EventRounds "11"]
[EventCountry "ENG"]
[SourceTitle "EXT 2007"]
[Source "ChessBase"]
[SourceDate "2006.11.23"]
[SourceVersion "1"]
[SourceVersionDate "2006.11.23"]
[SourceQuality "1"]
[WhiteTeam "SW Dragons II"]
[BlackTeam "Slough Sharks II"]
[WhiteTeamCountry "ENG"]
[BlackTeamCountry "ENG"]

1. e4 c5 2. Nf3 Nc6 3. Nc3 e5 4. Bc4 Be7 5. d3 Nf6 6. 0-0 0-0 7. Ne1 d6 8. f4 Bg4 9. Nf3 Nd4 10. Be3 Nxf3+ 11. gxf3 Bh3 12. Rf2 exf4 13. Bxf4 Nh5 14. Bg3 Bf6 15. Ne2 Bxb2 16. Rb1 Bf6 17. Rxb7 Rb8 18. Rxb8 Qxb8 19. Kh1 Qb6 20. Ng1 Bd7 21. Kg2 Rb8 22. Ne2 Qc7 23. Nf4 Nxf4+ 24. Bxf4 Rb6 25. Qc1 h6 26. c3 Qb8 27. Rf1 Rb2+ 28. Kh1 Rb6 29. Rg1 Kf8 30. Bb3 a5 31. Bd5 Ke7 32. Qa3 a4 33. e5 dxe5 34. Qxc5+ Ke8 35. Bg3 Rb1 36. Qc4 Rxg1+ 37. Kxg1 Qb1+ 38. Kg2 Qc2+ 39. Kg1 Bh3 40. f4 Qc1+ 41. Kf2 Qf1+ 42. Ke3 exf4+ 43. Bxf4 Qe1+ 44. Kf3 g5 45. Qc6+ Kf8 46. Bd6+ Kg7 47. Qc5 g4+ 48. Kf4 Bg5+ 0-1